Крупнейшие города Солнечного пояса - Statistics

General Stats
  • This quiz has been taken 78 times
  • The average score is 10 of 20
Answers on the Map
Answers color-coded by a green-red scale on the quiz's map according to % correct below.
 
Answer Stats
Население Рост Город % Correct
12,872,322 4% Лос-Анджелес
88%
4,579,599 11% Сан-Франциско
81%
6,139,340 23% Майами
75%
7,943,685 54% Даллас
71%
2,322,985 69% Лас-Вегас
69%
7,340,118 56% Хьюстон
65%
3,276,208 16% Сан-Диего
63%
2,421,115 94% Остин
56%
2,416,702 35% Сакраменто
48%
5,015,678 54% Финикс
46%
2,764,182 68% Орландо
46%
3,290,730 37% Тампа
42%
1,938,524 12% Сан-Хосе
42%
2,655,342 55% Сан-Антонио
40%
6,222,106 46% Атланта
38%
2,756,069 107% Шарлотт
21%
1,332,305 11% Мемфис
21%
1,675,668 49% Джэксонвилл
19%
1,484,338 86% Роли
17%
4,667,558 43% Риверсайд
10%
No matching quizzes found
Score Distribution
Percent of People with Each Score
Percentile by Number Answered
Your Score History
You have not taken this quiz